[Event "DEM U10w 2023"]
[Site "Willingen GER"]
[Date "2023.05.31"]
[Round "7"]
[White "Guruprasad, Aditi"]
[Black "Bharathula, Akhila"]
[Result "0-1"]
[Termination "normal"]
[Board "13"]
[WhiteElo "893"]
[BlackElo "1117"]
[WhiteClock "00:29:09"]
[BlackClock "00:59:06"]
[PlyCount "116"]
[BlackFideId "34641777"]
[EventCountry "GER"]
[EventRounds "11"]
[EventType "swiss"]
[EventDate "2023.05.27"]

1. e4 {[%clk 01:15:58]} {[%emt 00:00:02]} d5 {[%clk 01:15:56]} {[%emt
00:00:05]} 2. exd5 {[%clk 01:15:56]} {[%emt 00:00:32]} Qxd5 {[%clk 01:16:19]}
{[%emt 00:00:06]} 3. Nc3 {[%clk 01:15:39]} {[%emt 00:00:48]} Qa5 {[%clk
01:16:35]} {[%emt 00:00:13]} 4. Nf3 {[%clk 01:14:40]} {[%emt 00:01:29]} c6
{[%clk 01:16:19]} {[%emt 00:00:45]} 5. d3 {[%clk 01:12:41]} {[%emt 00:02:29]}
Bg4 {[%clk 01:15:12]} {[%emt 00:01:36]} 6. h3 {[%clk 01:10:39]} {[%emt
00:02:33]} Bh5 {[%clk 01:14:56]} {[%emt 00:00:46]} 7. Be2 {[%clk 01:09:42]}
{[%emt 00:01:27]} Nf6 {[%clk 01:14:15]} {[%emt 00:01:11]} 8. Bd2 {[%clk
01:08:46]} {[%emt 00:01:26]} Qc7 {[%clk 01:13:58]} {[%emt 00:00:46]} 9. O-O
{[%clk 01:06:05]} {[%emt 00:03:12]} Nbd7 {[%clk 01:12:54]} {[%emt 00:01:34]}
10. Re1 {[%clk 01:01:21]} {[%emt 00:05:14]} e6 {[%clk 01:12:40]} {[%emt
00:00:43]} 11. Ne4 {[%clk 00:57:15]} {[%emt 00:04:36]} Nxe4 {[%clk 01:08:57]}
{[%emt 00:04:13]} 12. dxe4 {[%clk 00:57:17]} {[%emt 00:00:29]} Bc5 {[%clk
01:05:52]} {[%emt 00:03:35]} 13. b4 {[%clk 00:55:36]} {[%emt 00:02:11]} Bb6
{[%clk 01:04:59]} {[%emt 00:01:23]} 14. a4 {[%clk 00:53:55]} {[%emt 00:02:12]}
Qg3 {[%clk 01:04:11]} {[%emt 00:01:16]} 15. Rf1 {[%clk 00:52:30]} {[%emt
00:01:56]} a6 {[%clk 01:02:14]} {[%emt 00:02:27]} 16. Qc1 {[%clk 00:50:21]}
{[%emt 00:02:39]} Qc7 {[%clk 01:01:24]} {[%emt 00:01:20]} 17. Bf4 {[%clk
00:48:34]} {[%emt 00:02:16]} e5 {[%clk 01:00:11]} {[%emt 00:01:44]} 18. Bh2
{[%clk 00:48:44]} {[%emt 00:00:18]} O-O {[%clk 00:59:29]} {[%emt 00:01:14]} 19.
Qb2 {[%clk 00:46:01]} {[%emt 00:03:13]} Bxf3 {[%clk 00:59:20]} {[%emt
00:00:39]} 20. Bxf3 {[%clk 00:46:10]} {[%emt 00:00:21]} Bd4 {[%clk 00:59:40]}
{[%emt 00:00:10]} 21. c3 {[%clk 00:45:22]} {[%emt 00:01:18]} Ba7 {[%clk
00:59:18]} {[%emt 00:00:51]} 22. Rad1 {[%clk 00:42:53]} {[%emt 00:02:59]} Rad8
{[%clk 00:56:06]} {[%emt 00:03:42]} 23. Rd2 {[%clk 00:39:06]} {[%emt 00:04:17]}
Nb6 {[%clk 00:55:38]} {[%emt 00:00:58]} 24. Rxd8 {[%clk 00:38:17]} {[%emt
00:01:18]} Rxd8 {[%clk 00:55:35]} {[%emt 00:00:33]} 25. Qa1 {[%clk 00:35:39]}
{[%emt 00:03:09]} Nc4 {[%clk 00:52:03]} {[%emt 00:04:02]} 26. Rd1 {[%clk
00:33:20]} {[%emt 00:02:49]} Nd2 {[%clk 00:51:22]} {[%emt 00:01:11]} 27. Be2
{[%clk 00:32:55]} {[%emt 00:00:54]} Nxe4 {[%clk 00:51:32]} {[%emt 00:00:20]}
28. Rxd8+ {[%clk 00:32:35]} {[%emt 00:00:51]} Qxd8 {[%clk 00:51:54]} {[%emt
00:00:09]} 29. Bxe5 {[%clk 00:29:26]} {[%emt 00:03:39]} Qd2 {[%clk 00:50:57]}
{[%emt 00:01:27]} 30. Qd1 {[%clk 00:28:04]} {[%emt 00:02:56]} Qxd1+ {[%clk
00:50:55]} {[%emt 00:00:38]} 31. Bxd1 {[%clk 00:28:23]} {[%emt 00:00:09]} Nxf2
{[%clk 00:50:50]} {[%emt 00:00:36]} 32. Bd4 {[%clk 00:25:44]} {[%emt 00:03:10]}
Bxd4 {[%clk 00:51:12]} {[%emt 00:00:09]} 33. cxd4 {[%clk 00:26:08]} {[%emt
00:00:06]} Nxd1 {[%clk 00:51:36]} {[%emt 00:00:05]} 34. b5 {[%clk 00:25:39]}
{[%emt 00:00:59]} Nc3 {[%clk 00:51:38]} {[%emt 00:00:27]} 35. bxa6 {[%clk
00:25:11]} {[%emt 00:00:59]} bxa6 {[%clk 00:52:01]} {[%emt 00:00:07]} 36. a5
{[%emt 00:00:10]} Nb5 {[%emt 00:00:06]} 37. Kf2 {[%clk 00:24:40]} {[%emt
00:00:45]} Nxd4 {[%clk 00:52:18]} {[%emt 00:00:13]} 38. Ke3 {[%clk 00:25:03]}
{[%emt 00:00:07]} Nb3 {[%clk 00:52:32]} {[%emt 00:00:16]} 39. Kd3 {[%clk
00:25:24]} {[%emt 00:00:10]} Nxa5 {[%clk 00:52:53]} {[%emt 00:00:09]} 40. Kc3
{[%clk 00:25:47]} {[%emt 00:00:07]} c5 {[%clk 00:53:12]} {[%emt 00:00:11]} 41.
Kc2 {[%clk 00:26:03]} {[%emt 00:00:14]} c4 {[%clk 00:53:30]} {[%emt 00:00:13]}
42. Kc3 {[%clk 00:26:25]} {[%emt 00:00:08]} f5 {[%clk 00:53:53]} {[%emt
00:00:07]} 43. Kc2 {[%clk 00:26:25]} {[%emt 00:00:30]} g5 {[%clk 00:54:16]}
{[%emt 00:00:06]} 44. g4 {[%clk 00:26:42]} {[%emt 00:00:13]} f4 {[%clk
00:54:39]} {[%emt 00:00:07]} 45. Kd2 {[%clk 00:26:54]} {[%emt 00:00:18]} f3
{[%clk 00:55:03]} {[%emt 00:00:05]} 46. Ke3 {[%clk 00:27:01]} {[%emt 00:00:23]}
c3 {[%clk 00:55:19]} {[%emt 00:00:15]} 47. Kxf3 {[%clk 00:27:07]} {[%emt
00:00:24]} c2 {[%clk 00:55:43]} {[%emt 00:00:06]} 48. Ke4 {[%clk 00:27:31]}
{[%emt 00:00:05]} c1=Q {[%clk 00:56:05]} {[%emt 00:00:09]} 49. Kd5 {[%clk
00:27:57]} {[%emt 00:00:04]} Qc3 {[%clk 00:56:20]} {[%emt 00:00:15]} 50. Ke4
{[%clk 00:28:20]} {[%emt 00:00:07]} Kf7 {[%clk 00:56:45]} {[%emt 00:00:05]} 51.
Kf5 {[%clk 00:28:40]} {[%emt 00:00:09]} Qc5+ {[%clk 00:56:45]} {[%emt
00:00:30]} 52. Ke4 {[%clk 00:29:00]} {[%emt 00:00:09]} Ke6 {[%clk 00:57:09]}
{[%emt 00:00:06]} 53. Kf3 {[%clk 00:29:20]} {[%emt 00:00:10]} Qd4 {[%clk
00:57:28]} {[%emt 00:00:12]} 54. Kg3 {[%clk 00:29:20]} {[%emt 00:00:30]} Qe4
{[%clk 00:57:41]} {[%emt 00:00:17]} 55. Kf2 {[%clk 00:29:35]} {[%emt 00:00:15]}
Qd3 {[%clk 00:58:06]} {[%emt 00:00:05]} 56. Kg2 {[%clk 00:29:25]} {[%emt
00:00:39]} Qe3 {[%clk 00:58:18]} {[%emt 00:00:17]} 57. Kh2 {[%clk 00:28:57]}
{[%emt 00:00:58]} Qf3 {[%clk 00:58:42]} {[%emt 00:00:05]} 58. Kg1 {[%clk
00:29:09]} {[%emt 00:00:19]} Qe2 {[%clk 00:59:06]} {[%emt 00:00:05]} 0-1

[Event "DEM U10w 2023"]
[Site "Willingen GER"]
[Date "2023.05.31"]
[Round "7"]
[White "Gubler, Sarah"]
[Black "Kryvak, Mariia"]
[Result "0-1"]
[Termination "normal"]
[Board "14"]
[WhiteElo "1139"]
[BlackElo "1083"]
[WhiteClock "00:48:31"]
[BlackClock "01:16:33"]
[PlyCount "46"]
[BlackFideId "34164413"]
[EventCountry "GER"]
[EventRounds "11"]
[EventType "swiss"]
[EventDate "2023.05.27"]

1. e4 {[%clk 01:15:58]} {[%emt 00:00:01]} e5 {[%emt 00:00:05]} 2. Nf3 {[%clk
01:16:19]} {[%emt 00:00:06]} Nc6 {[%clk 01:16:22]} {[%emt 00:00:06]} 3. Bc4
{[%clk 01:16:40]} {[%emt 00:00:09]} Nf6 {[%clk 01:16:41]} {[%emt 00:00:11]} 4.
d3 {[%clk 01:16:55]} {[%emt 00:00:15]} d5 {[%clk 01:17:02]} {[%emt 00:00:09]}
5. exd5 {[%clk 01:15:46]} {[%emt 00:01:39]} Nxd5 {[%clk 01:17:22]} {[%emt
00:00:09]} 6. Ng5 {[%clk 01:15:05]} {[%emt 00:01:09]} Be7 {[%clk 01:17:30]}
{[%emt 00:00:24]} 7. Nxf7 {[%clk 01:11:02]} {[%emt 00:04:32]} Kxf7 {[%clk
01:17:38]} {[%emt 00:00:22]} 8. Qf3+ {[%clk 01:10:04]} {[%emt 00:01:28]} Ke6
{[%clk 01:18:00]} {[%emt 00:00:09]} 9. O-O {[%clk 01:08:20]} {[%emt 00:02:13]}
Nd4 {[%clk 01:18:03]} {[%emt 00:00:28]} 10. Qg4+ {[%clk 01:06:25]} {[%emt
00:02:24]} Kd6 {[%clk 01:17:52]} {[%emt 00:00:43]} 11. Qe4 {[%clk 01:05:43]}
{[%emt 00:01:09]} Be6 {[%clk 01:17:51]} {[%emt 00:00:33]} 12. Re1 {[%clk
01:04:43]} {[%emt 00:01:30]} Bf6 {[%clk 01:18:03]} {[%emt 00:00:18]} 13. Nc3
{[%clk 00:57:06]} {[%emt 00:08:06]} Nxc3 {[%clk 01:17:47]} {[%emt 00:00:47]}
14. bxc3 {[%clk 00:57:01]} {[%emt 00:00:34]} Nxc2 {[%clk 01:17:48]} {[%emt
00:00:30]} 15. d4 {[%clk 00:52:07]} {[%emt 00:05:22]} Nxe1 {[%clk 01:17:50]}
{[%emt 00:00:30]} 16. dxe5+ {[%clk 00:52:27]} {[%emt 00:00:10]} Bxe5 {[%clk
01:17:46]} {[%emt 00:00:34]} 17. Bf4 {[%clk 00:52:27]} {[%emt 00:00:29]} Qf6
{[%clk 01:17:22]} {[%emt 00:00:55]} 18. Rd1+ {[%clk 00:51:58]} {[%emt
00:00:58]} Ke7 {[%clk 01:17:40]} {[%emt 00:00:12]} 19. Bxe5 {[%clk 00:51:16]}
{[%emt 00:01:12]} Qf5 {[%clk 01:17:49]} {[%emt 00:00:21]} 20. Qh4+ {[%clk
00:50:18]} {[%emt 00:01:29]} g5 {[%clk 01:17:46]} {[%emt 00:00:34]} 21. Qg3
{[%clk 00:50:03]} {[%emt 00:00:43]} Rhd8 {[%clk 01:17:38]} {[%emt 00:00:38]}
22. Bxe6 {[%clk 00:49:28]} {[%emt 00:01:06]} Rxd1 {[%clk 01:16:55]} {[%emt
00:01:14]} 23. Qg4 {[%clk 00:48:31]} {[%emt 00:01:25]} Nf3# {[%clk 01:16:33]}
{[%emt 00:00:52]} 0-1

[Event "DEM U10w 2023"]
[Site "Willingen GER"]
[Date "2023.05.31"]
[Round "7"]
[White "Döscher, Nayla"]
[Black "Wieckowicz, Bui Havy"]
[Result "1/2-1/2"]
[Termination "normal"]
[Board "15"]
[WhiteElo "1111"]
[BlackElo "1065"]
[WhiteClock "00:09:43"]
[BlackClock "00:19:53"]
[PlyCount "111"]
[WhiteFideId "34625046"]
[BlackFideId "34639926"]
[EventCountry "GER"]
[EventRounds "11"]
[EventType "swiss"]
[EventDate "2023.05.27"]

1. e4 {[%clk 01:15:59]} {[%emt 00:00:01]} c5 {[%clk 01:16:22]} {[%emt
00:00:08]} 2. Nc3 {[%clk 01:16:19]} {[%emt 00:00:09]} Nc6 {[%clk 01:16:39]}
{[%emt 00:00:13]} 3. Bb5 {[%clk 01:16:34]} {[%emt 00:00:14]} a6 {[%clk
01:16:59]} {[%emt 00:00:12]} 4. Bxc6 {[%clk 01:16:45]} {[%emt 00:00:17]} bxc6
{[%clk 01:16:47]} {[%emt 00:00:40]} 5. Nf3 {[%clk 01:16:38]} {[%emt 00:00:39]}
e6 {[%emt 00:00:37]} 6. O-O {[%clk 01:12:12]} {[%emt 00:04:53]} Ne7 {[%clk
01:17:10]} {[%emt 00:00:05]} 7. d3 {[%clk 01:11:51]} {[%emt 00:00:50]} g6
{[%clk 01:17:29]} {[%emt 00:00:11]} 8. Be3 {[%clk 01:11:56]} {[%emt 00:00:20]}
d6 {[%clk 01:17:47]} {[%emt 00:00:17]} 9. e5 {[%clk 01:11:05]} {[%emt
00:01:20]} d5 {[%clk 01:17:37]} {[%emt 00:00:41]} 10. Bxc5 {[%clk 01:11:07]}
{[%emt 00:00:28]} Rb8 {[%clk 01:15:05]} {[%emt 00:03:02]} 11. Rb1 {[%clk
01:10:14]} {[%emt 00:01:22]} Bg7 {[%clk 01:14:03]} {[%emt 00:01:33]} 12. Re1
{[%clk 01:05:36]} {[%emt 00:05:08]} O-O {[%clk 01:13:55]} {[%emt 00:00:38]} 13.
Qd2 {[%clk 00:59:52]} {[%emt 00:06:13]} Re8 {[%clk 01:11:28]} {[%emt 00:02:58]}
14. h3 {[%clk 00:50:20]} {[%emt 00:10:02]} Qc7 {[%clk 01:08:11]} {[%emt
00:03:47]} 15. Bd6 {[%clk 00:49:20]} {[%emt 00:01:30]} Qb6 {[%emt 00:02:52]}
16. Bxb8 {[%emt 00:00:21]} Qxb8 {[%emt 00:00:09]} 17. Na4 {[%emt 00:04:30]} Bd7
{[%clk 00:58:18]} {[%emt 00:02:31]} 18. Nc5 {[%clk 00:47:34]} {[%emt 00:02:16]}
Bc8 {[%clk 00:57:03]} {[%emt 00:01:45]} 19. c4 {[%clk 00:44:44]} {[%emt
00:03:21]} Qc7 {[%clk 00:57:10]} {[%emt 00:00:22]} 20. b3 {[%clk 00:44:23]}
{[%emt 00:00:51]} dxc4 {[%clk 00:57:25]} {[%emt 00:00:15]} 21. bxc4 {[%clk
00:43:33]} {[%emt 00:01:20]} Rd8 {[%clk 00:56:08]} {[%emt 00:01:46]} 22. Qf4
{[%clk 00:41:13]} {[%emt 00:02:50]} Nf5 {[%clk 00:52:59]} {[%emt 00:03:37]} 23.
g4 {[%clk 00:36:21]} {[%emt 00:05:24]} Nh6 {[%clk 00:52:14]} {[%emt 00:01:14]}
24. Red1 {[%clk 00:31:43]} {[%emt 00:05:09]} f5 {[%emt 00:01:12]} 25. d4 {[%emt
00:01:48]} a5 {[%clk 00:46:07]} {[%emt 00:03:38]} 26. Ng5 {[%clk 00:31:38]}
{[%emt 00:00:35]} Re8 {[%clk 00:45:57]} {[%emt 00:00:40]} 27. a4 {[%clk
00:29:01]} {[%emt 00:03:06]} Bf6 {[%clk 00:41:10]} {[%emt 00:05:18]} 28. Ngxe6
{[%clk 00:27:11]} {[%emt 00:02:19]} Bxe6 {[%clk 00:41:14]} {[%emt 00:00:22]}
29. Nxe6 {[%clk 00:27:11]} {[%emt 00:00:35]} Rxe6 {[%clk 00:41:08]} {[%emt
00:00:24]} 30. Qxh6 {[%clk 00:27:34]} {[%emt 00:00:18]} Bg7 {[%clk 00:40:49]}
{[%emt 00:00:49]} 31. Qd2 {[%clk 00:27:04]} {[%emt 00:00:56]} Re8 {[%clk
00:38:44]} {[%emt 00:02:40]} 32. Rb2 {[%clk 00:25:46]} {[%emt 00:01:49]} Rd8
{[%clk 00:37:18]} {[%emt 00:01:53]} 33. f4 {[%clk 00:24:28]} {[%emt 00:01:49]}
c5 {[%clk 00:36:46]} {[%emt 00:01:03]} 34. d5 {[%clk 00:24:21]} {[%emt
00:00:38]} fxg4 {[%clk 00:35:03]} {[%emt 00:02:10]} 35. hxg4 {[%clk 00:24:19]}
{[%emt 00:00:33]} g5 {[%clk 00:34:46]} {[%emt 00:00:47]} 36. Qf2 {[%clk
00:23:39]} {[%emt 00:01:10]} Rf8 {[%clk 00:34:58]} {[%emt 00:00:19]} 37. Rb5
{[%clk 00:22:14]} {[%emt 00:01:55]} gxf4 {[%clk 00:34:50]} {[%emt 00:00:37]}
38. Qxc5 {[%clk 00:20:50]} {[%emt 00:01:54]} Qxe5 {[%clk 00:34:14]} {[%emt
00:01:04]} 39. d6 {[%clk 00:20:39]} {[%emt 00:00:44]} Qe2 {[%clk 00:31:19]}
{[%emt 00:03:25]} 40. Qd5+ {[%clk 00:17:45]} {[%emt 00:03:23]} Kh8 {[%clk
00:31:09]} {[%emt 00:00:41]} 41. d7 {[%clk 00:16:47]} {[%emt 00:01:27]} Qxg4+
{[%clk 00:31:14]} {[%emt 00:00:25]} 42. Kf1 {[%clk 00:17:00]} {[%emt 00:00:18]}
Qh3+ {[%clk 00:31:00]} {[%emt 00:00:43]} 43. Qg2 {[%clk 00:17:04]} {[%emt
00:00:26]} Qh4 {[%clk 00:28:57]} {[%emt 00:02:33]} 44. c5 {[%clk 00:12:21]}
{[%emt 00:05:14]} f3 {[%clk 00:28:56]} {[%emt 00:00:31]} 45. Qf2 {[%clk
00:12:29]} {[%emt 00:00:21]} Qh3+ {[%clk 00:28:26]} {[%emt 00:01:01]} 46. Ke1
{[%clk 00:12:23]} {[%emt 00:00:35]} Bc3+ {[%clk 00:28:15]} {[%emt 00:00:41]}
47. Rd2 {[%clk 00:12:30]} {[%emt 00:00:23]} Bxd2+ {[%clk 00:28:15]} {[%emt
00:00:29]} 48. Kxd2 {[%clk 00:12:29]} {[%emt 00:00:33]} Qxd7+ {[%clk 00:28:28]}
{[%emt 00:00:16]} 49. Kc1 {[%clk 00:11:47]} {[%emt 00:01:13]} Qd3 {[%clk
00:24:39]} {[%emt 00:04:17]} 50. Qb2+ {[%clk 00:11:15]} {[%emt 00:01:02]} Kg8
{[%clk 00:23:02]} {[%emt 00:02:40]} 51. Qa2+ {[%clk 00:11:47]} {[%emt
00:00:27]} Kg7 {[%clk 00:22:43]} {[%emt 00:00:47]} 52. Qb2+ {[%clk 00:11:38]}
{[%emt 00:00:40]} Rf6 {[%clk 00:21:47]} {[%emt 00:01:26]} 53. Rb6 {[%clk
00:11:00]} {[%emt 00:01:09]} Qe3+ {[%clk 00:21:17]} {[%emt 00:01:01]} 54. Kb1
{[%clk 00:11:04]} {[%emt 00:00:26]} Qe1+ {[%clk 00:19:57]} {[%emt 00:01:49]}
55. Ka2 {[%clk 00:11:17]} {[%emt 00:00:18]} Qh4 {[%clk 00:19:53]} {[%emt
00:00:30]} 56. c6 {[%clk 00:09:43]} {[%emt 00:02:09]} 1/2-1/2